DESIGN OF BUILDINGS AND BRIDGES FOR WIND / (Record no. 588690)
[ view plain ]
| 000 -LEADER | |
|---|---|
| fixed length control field | 00350nam a22001457a 4500 |
| 020 ## - INTERNATIONAL STANDARD BOOK NUMBER | |
| Qualifying information | HB. |
| 040 ## - CATALOGING SOURCE | |
| Transcribing agency | FIZZA ISHAQ |
| 082 ## - DEWEY DECIMAL CLASSIFICATION NUMBER | |
| Classification number | 624.175 |
| Author Mark | EMI |
| 100 ## - MAIN ENTRY--PERSONAL NAME | |
| Personal name | SIMIU, EMIL. |
| 9 (RLIN) | 90495 |
| 245 ## - TITLE STATEMENT | |
| Title | DESIGN OF BUILDINGS AND BRIDGES FOR WIND / |
| Statement of responsibility, etc. | EMIL SIMIU. |
| 250 ## - EDITION STATEMENT | |
| Edition statement | 1st ED. |
| 260 ## - PUBLICATION, DISTRIBUTION, ETC. | |
| Name of publisher, distributor, etc. | JOHN WILEY, |
| Date of publication, distribution, etc. | 2006. |
| 300 ## - PHYSICAL DESCRIPTION | |
| Extent | 308 P. ; |
| 942 ## - ADDED ENTRY ELEMENTS (KOHA) | |
| Source of classification or shelving scheme | |
| Koha item type | Book |
| Withdrawn status | Lost status | Source of classification or shelving scheme | Damaged status | Not for loan | Permanent Location | Current Location | Date acquired | Total Checkouts | Full call number | Barcode | Date last seen | Price effective from | Koha item type |
|---|---|---|---|---|---|---|---|---|---|---|---|---|---|
| NUST Baluchistan Campus (NBC) | NUST Baluchistan Campus (NBC) | 03/08/2022 | 624.175 EMI | Q-2931 | 03/08/2022 | 03/08/2022 | Book |
